Visualizzazione normale
Vista MARC
- Ureña Francés, Rosa
di Personal Name
Records bibliografici associati: 1
001 - CONTROL NUMBER
- control field: 7414
003 - CONTROL NUMBER IDENTIFIER
- control field: IT-RoINE
005 - DATE AND TIME OF LATEST TRANSACTION
- control field: 20140508134521.0
008 - FIXED-LENGTH DATA ELEMENTS
- fixed length control field: 140508|| aca||aabn | a|a d
040 ## - CATALOGING SOURCE
- Original cataloging agency: IT-RoINE
- Transcribing agency: IT-RoINE
100 ## - HEADING--PERSONAL NAME
- Personal name: Ureña Francés, Rosa
670 ## - SOURCE DATA FOUND
- Source citation: Work cat.: (IT-RoINE)0: Ureña Francés, Rosa, Rafael de Ureña y Smenjaud :, 2002.